000 00957nmm a2200277 a 4500
001 ocm000787295
003 TR-IsHL
005 20201028123723.0
008 130902s2002 tu tur
007 cr cn
035 _a787295
_b(N$T)
050 0 4 _aKKX54.7
_b.D67 2002
090 0 4 _aKKX54.7
_b.D67 2002
245 1 0 _aDördüncü baro başkanları toplantısı, 15 Aralık 2002, Ankara
_h[electronic resource] /
_cTürkiye Barolar Birliği
260 _aAnkara :
_bTürkiye Barolar Birliği,
_c2002
300 _a171 p.
650 4 _aHukuk
650 4 _aLaw
650 0 _aHukukçular
_x Türkiye
_x Kongreler
650 0 _aLawyers
_x Turkey
_x Congresses
650 0 _aBarolar
_x Türkiye
_x Kongreler
650 0 _aBar associations
_x Turkey
_x Congresses
650 7 _aLAW / General
_2bisacsh
700 1 _aTürkiye Barolar Birliği
856 4 0 _uhttp://search.ebscohost.com/login.aspx?direct=true&scope=site&db=e011xww&AN=787295
999 _c2561
_d2561